| 000 | 01376nam a2200313 i 4500 | ||
|---|---|---|---|
| 001 | 189918 | ||
| 003 | SpMaBN | ||
| 005 | 20230906223605.0 | ||
| 008 | 191226s1981 sp cf |||| | baq d | ||
| 020 | _a84-85479-17-3 | ||
| 080 | _a811.361(063) | ||
| 111 | 2 |
_aEncuentros Internacionales de Vascólogos ( _d1980. _cGernika-Lumo y Leioa) _9169271 |
|
| 245 | 1 | 0 |
_aEuskalarien nazioarteko jardunaldiak _b= Bascologists' International Meetings = Encuentros Internacionales de Vascólogos = Rencontres internationales de bascologues / _c[publicado bajo el patrocinio del Departamento de Cultura del Gobierno Vasco]. |
| 246 | 3 | 1 | _aBascologists' International Meetings |
| 246 | 3 | 1 | _aEncuentros Internacionales de Vascólogos |
| 246 | 3 | 1 | _aRencontres internationales de bascologues |
| 260 |
_aBilbo : _bEuskaltzaindia = Real Academia de la Lengua Vasca, _c1981. |
||
| 300 |
_a545 p., 8 p. de lám. ; _c23 cm. |
||
| 490 | 1 |
_aIker ; _v1 |
|
| 500 | _aÍndice. | ||
| 504 | _aReferencias bibliográficas. | ||
| 546 | _aTextos en vasco, castellano, inglés y francés. | ||
| 650 | 7 |
_aLengua vasca- _vCongresos y asambleas. _9148851 |
|
| 710 | 2 |
_aReal Academia de la Lengua Vasca. _96316 |
|
| 710 | 1 |
_aPaís Vasco. _bDepartamento de Cultura. _96089 |
|
| 830 | 0 |
_aIker ; _v1 _9225869 |
|
| 852 |
_aES-MaACL _jL-32502 _z. - Donat. Viuda Antonio Tovar |
||
| 999 |
_c189918 _d189918 |
||